Economics and its stories / (Record no. 79768)

MARC details
000 -LEADER
fixed length control field 00529nam a22001937a 4500
005 - DATE AND TIME OF LATEST TRANSACTION
control field 20131203114117.0
010 ## - LCCN (DPL NO)
LC control number ENG-108571
020 ## - INTERNATIONAL STANDARD BOOK NUMBER
International Standard Book Number 9788187358558
Terms of availability 650.00
035 ## - SYSTEM CONTROL NUMBER
System control number EN-92104
037 ## - SOURCE OF ACQUISITION
Source of stock number/acquisition DBAD/PUB
082 ## - DEWEY DECIMAL CLASSIFICATION NUMBER
Classification number 330
100 ## - MAIN ENTRY--PERSONAL NAME
Personal name Sanyal, Amal
245 ## - TITLE STATEMENT
Title Economics and its stories /
Statement of responsibility, etc by Amal Sanyal
260 ## - PUBLICATION, DISTRIBUTION, ETC. (IMPRINT)
Place of publication, distribution, etc New Delhi
Name of publisher, distributor, etc Social Science Press
Date of publication, distribution, etc 2012
270 ## - ADDRESS
Address 69, Jor Bagh
City New Delhi
Postal code 110003
300 ## - PHYSICAL DESCRIPTION
Extent 332p.
Dimensions 24cm(Hb)
500 ## - GENERAL NOTE
General note Includes index
942 ## - ADDED ENTRY ELEMENTS (KOHA)
Source of classification or shelving scheme Dewey Decimal Classification
Item type English Books
Call number suffix SAN
Classification part 330
Holdings
Withdrawn status Lost status Not for loan Collection code Home library Current library Date acquired Source of acquisition Cost, normal purchase price Full call number Barcode Copy number Cost, replacement price Koha item type
    Not For Loan Non-fiction D.B.Act.Division D.B.Act.Division 03/10/2013 DBAD/PUB 650.00 330 SAN EN-92104 1 650.00 English Books

© Delhi Public Library
Hit Counter
free hit counter